000 00878nam a2200217 a 4500
001 000029892
003 OSt
005 20201006155413.0
008 110426s1954 dr ac 000 0 spa d
040 _aDO-SdBNP
_bspa
_cBNPHU
082 _a327.7293
_bB483a
100 1 _aBeras, Francisco Elpidio
_955843
245 1 0 _aLa autodeterminación del pueblo dominicano, extremo irreductible de la política exterior de Trujillo :
_bconferencia pronunciada en el auditórium de palacio del Partido Dominicano /
_cFrancisco Elpidio Beras.
260 _aCiudad Trujillo, República Dominicana :
_bEditora del Caribe,
_c1954.
300 _a20 p. :
_bil., retrs. ;
_c24 cm.
500 _a"Separata."
504 _aBibliografía : p. [21]
590 _aInventariado, 2019/VM
651 4 _aRepública Dominicana
_xRelaciones exteriores
_vEnsayos, conferencias, etc.
_976773
942 _2ddc
_cLF1
999 _c29384
_d29384